| Tag |
First Indicator |
Second Indicator |
Subfields |
| LEADER |
00000cam a2200000 4500 |
| 001 |
in00000031842 |
| 005 |
20151007063133.0 |
| 008 |
770107s1959 txu 00000 eng |
| 010 |
|
|
|a 60008226
|
| 035 |
|
|
|a (OCoLC)02666076
|
| 035 |
|
|
|9 AAD6652AM
|
| 040 |
|
|
|a DLC
|c TXK
|d OCL
|d TXA
|d UtOrBLW
|
| 049 |
|
|
|a TXAM
|c [322390]
|
| 050 |
|
0 |
|a PS3507.A7346
|b A8
|
| 082 |
0 |
|
|a 811.54
|
| 092 |
|
|
|a 811
|b D262a
|
| 100 |
1 |
|
|a Davis, Jeff Ray.
|
| 245 |
1 |
0 |
|a Autumn bud.
|
| 264 |
|
1 |
|a San Antonio :
|b Naylor Co.,
|c [1959]
|
| 300 |
|
|
|a 49 pages ;
|c 20 cm.
|
| 336 |
|
|
|a text
|b txt
|2 rdacontent
|
| 337 |
|
|
|a unmediated
|b n
|2 rdamedia
|
| 338 |
|
|
|a volume
|b nc
|2 rdacarrier
|
| 500 |
|
|
|a Poems.
|
| 999 |
|
|
|a MARS
|
| 999 |
f |
f |
|s c28b1264-71bf-361c-808d-9b0be8507cfe
|i e9a291c1-b550-30a5-8988-cc57d02131c8
|t 0
|
| 952 |
f |
f |
|p ric
|a Texas A&M University
|b Rellis Campus
|c Joint Library Facility
|d Remote Storage
|t 0
|e PS3507.A7346 A8
|h Library of Congress classification
|i unmediated -- volume
|m A14801214586
|
| 998 |
f |
f |
|a PS3507.A7346 A8
|t 0
|l Remote Storage
|